Statistics for 3 Letter Long Roman Numerals

Click here to take the quiz!

General Stats

  • This quiz has been taken 112 times
  • The average score is 56 of 93

Answer Stats

# % Correct
3 III
100%
7 VII
100%
16 XVI
97%
14 XIV
97%
12 XII
97%
30 XXX
94%
25 XXV
94%
21 XXI
94%
19 XIX
88%
70 LXX
82%
102 CII
82%
106 CVI
82%
111 CXI
82%
61 LXI
82%
54 LIV
82%
52 LII
82%
41 XLI
82%
59 LIX
82%
109 CIX
79%
104 CIV
79%
45 XLV
79%
300 CCC
79%
56 LVI
79%
65 LXV
76%
210 CCX
74%
115 CXV
74%
205 CCV
71%
201 CCI
71%
3000 MMM
68%
504 DIV
62%
506 DVI
62%
511 DXI
62%
91 XCI
62%
1110 MCX
62%
120 CXX
62%
601 DCI
62%
151 CLI
62%
140 CXL
62%
160 CLX
62%
1101 MCI
59%
155 CLV
59%
190 CXC
59%
509 DIX
56%
1051 MLI
56%
250 CCL
56%
95 XCV
56%
610 DCX
53%
605 DCV
53%
1004 MIV
53%
1200 MCC
53%
1009 MIX
53%
1006 MVI
53%
515 DXV
53%
551 DLI
53%
590 DXC
53%
520 DXX
53%
401 CDI
53%
502 DII
53%
1105 MCV
50%
405 CDV
50%
1011 MXI
50%
1002 MII
50%
2001 MMI
50%
1020 MXX
47%
555 DLV
47%
560 DLX
47%
410 CDX
47%
1900 MCM
47%
1150 MCL
47%
2005 MMV
47%
1090 MXC
47%
2010 MMX
44%
1060 MLX
44%
700 DCC
44%
1055 MLV
44%
540 DXL
44%
650 DCL
44%
1040 MXL
44%
450 CDL
41%
1600 MDC
41%
2100 MMC
41%
1501 MDI
41%
1015 MXV
41%
2500 MMD
38%
2050 MML
38%
1510 MDX
38%
1505 MDV
35%
1400 MCD
35%
905 CMV
29%
910 CMX
29%
901 CMI
29%
950 CML
29%
1550 MDL
26%

Score Distribution

Percentile by Number Answered

Percent of People with Each Score

Your Score History

You have not taken this quiz